000 00708nam a22001337a 4500
040 _cRUA
082 _aAVM KAN 2009 B086 Or.1
100 _aKANG, SUNGCHHANG.
245 _aThe study on digestibility of local cattle feed rice straw treated urea include burned ash, ការសិក្សាលើលទ្ធភាពរំលាយអាហាររបស់គោក្នុងស្រុកដោយប្រើប្រាស់ចំបើងផ្អាប់ជាមួយអ៊ុយរ៉េ និងផេះ
260 _aPhnom Penh
_bRUA
_c2009
300 _ax; 48p.
_bill.
_c29cm.
856 _uhttps://drive.google.com/file/d/1R2KgdC4mTG4-YwQelgvrCP2Gh-ie9jwW/view?usp=sharing
942 _cAVM
999 _c2282
_d2282